[Event "Rivera Huila Hernandez Memorial-B"]
[Site "Rivera Huila"]
[Date "2023.07.21"]
[Round "2"]
[White "Hernandez Pinzon, Helvert"]
[Black "Dabraccio, Guillermo"]
[Result "1-0"]
[WhiteElo "1915"]
[BlackElo "1583"]
[PlyCount "131"]
[EventDate "2023.07.20"]
[EventType "swiss"]
[EventRounds "7"]
[EventCountry "COL"]
[SourceTitle "CBM 215 Extra"]
[Source "ChessBase"]
[SourceDate "2023.09.30"]
[SourceVersion "1"]
[SourceVersionDate "2023.09.30"]
[SourceQuality "1"]

1. e4 c5 2. Nf3 a6 3. d4 cxd4 4. Nxd4 Nf6 5. Nc3 e5 6. Nf3 Bb4 7. Bd2 0-0 8. Bc4 b5 9. Bb3 d6 10. Bd5 Ra7 11. 0-0 Nxd5 12. Nxd5 Bxd2 13. Qxd2 f5 14. exf5 Rxf5 15. Ne3 Rxf3 16. gxf3 Qg5+ 17. Kh1 Bb7 18. Qd1 Qh5 19. Ng2 Bxf3 20. Qxd6 Nc6 21. Qe6+ Rf7 22. Qe8+ Rf8 23. Qxh5 Bxh5 24. c3 Bf3 25. Rae1 Rf5 26. h3 Rg5 27. Rg1 e4 28. Kh2 Ne5 29. Nh4 Rh5 30. Kg3 h6 31. b3 Kf7 32. Re3 Rg5+ 33. Kh2 Rh5 34. Kg3 Rg5+ 35. Kh2 Rh5 36. Nxf3 Nxf3+ 37. Rxf3+ exf3 38. Rg4 Rf5 39. Kg3 g5 40. Rd4 h5 41. Rd3 Kg6 42. Rxf3 Rc5 43. Rd3 Rc6 44. Kf3 Kf5 45. Ke3 Re6+ 46. Kd2 Rc6 47. Rd4 Ke5 48. Kd3 Rf6 49. Ke3 Rc6 50. c4 bxc4 51. Rxc4 Rd6 52. Rc5+ Kf6 53. f3 Re6+ 54. Kd4 Rd6+ 55. Rd5 Rxd5+ 56. Kxd5 Kf5 57. b4 Kf4 58. a4 Kxf3 59. b5 axb5 60. axb5 Kg3 61. b6 Kxh3 62. b7 g4 63. b8Q g3 64. Qc8+ Kg2 65. Qh8 Kf2 66. Qxh5 1-0

[Event "Manizales op 28th"]
[Site "Manizales"]
[Date "2023.01.08"]
[Round "6"]
[White "Lopez Ramirez, Jorge Hernan"]
[Black "Dabraccio, Guillermo"]
[Result "1-0"]
[WhiteElo "1898"]
[BlackElo "1566"]
[PlyCount "49"]
[EventDate "2023.01.05"]
[EventType "swiss"]
[EventRounds "8"]
[EventCountry "COL"]
[SourceTitle "CBM 212 Extra"]
[Source "ChessBase"]
[SourceDate "2023.03.31"]
[SourceVersion "1"]
[SourceVersionDate "2023.03.31"]
[SourceQuality "1"]

1. e4 c5 2. Nf3 a6 3. d4 cxd4 4. Nxd4 e5 5. Nb3 Nf6 6. Nc3 Bb4 7. Bd3 d5 8. exd5 Nxd5 9. Bd2 Nxc3 10. bxc3 Bd6 11. 0-0 0-0 12. Qh5 g6 13. Qe2 Re8 14. Rad1 Nc6 15. Be3 Qe7 16. Qd2 Rd8 17. Bb6 Bc7 18. Qe3 Be6 19. Rfe1 Rac8 20. a4 f5 21. Bxc7 Qxc7 22. Rb1 f4 23. Qe2 Qd6 24. Nd2 Rf8 25. Rb6 1-0

[Event "Manizales op 28th"]
[Site "Manizales"]
[Date "2023.01.06"]
[Round "3"]
[White "Dabraccio, Guillermo"]
[Black "Garzon Camelo, Andres Santiago"]
[Result "0-1"]
[WhiteElo "1566"]
[BlackElo "1864"]
[PlyCount "86"]
[EventDate "2023.01.05"]
[EventType "swiss"]
[EventRounds "8"]
[EventCountry "COL"]
[SourceTitle "CBM 212 Extra"]
[Source "ChessBase"]
[SourceDate "2023.03.31"]
[SourceVersion "1"]
[SourceVersionDate "2023.03.31"]
[SourceQuality "1"]

1. e4 c5 2. Nf3 d6 3. c3 Nf6 4. Be2 g6 5. Qc2 Bg7 6. d4 cxd4 7. cxd4 0-0 8. h3 Nc6 9. Bd2 Qb6 10. Bc3 d5 11. e5 Nh5 12. Qd2 f5 13. a4 Nd8 14. Na3 Nf7 15. Ba5 Qc6 16. Rc1 Bh6 17. Rxc6 Bxd2+ 18. Nxd2 bxc6 19. Bxh5 gxh5 20. Bb4 Rb8 21. Bc3 Ba6 22. f3 c5 23. b3 Nd8 24. Kf2 cxd4 25. Bxd4 Nc6 26. Ba1 Nb4 27. Bc3 Nd3+ 28. Kg3 Rfc8 29. Nab1 Nc5 30. Bd4 h4+ 31. Kf2 Nd3+ 32. Kg1 Nc1 33. Bxa7 Rb4 34. a5 Nxb3 35. Nxb3 Rxb3 36. Kh2 Rc2 37. Bd4 Rxf3 38. Rd1 Rg3 39. Rd2 Rc1 40. Rb2 Rd3 41. Rb8+ Kg7 42. Bf2 Rdd1 43. Bxh4 f4 0-1

[Event "Manizales op 28th"]
[Site "Manizales"]
[Date "2023.01.05"]
[Round "1"]
[White "Dabraccio, Guillermo"]
[Black "Villamizar, Diego Fernando"]
[Result "1-0"]
[WhiteElo "1566"]
[BlackElo "1951"]
[PlyCount "51"]
[EventDate "2023.01.05"]
[EventType "swiss"]
[EventRounds "8"]
[EventCountry "COL"]
[SourceTitle "CBM 212 Extra"]
[Source "ChessBase"]
[SourceDate "2023.03.31"]
[SourceVersion "1"]
[SourceVersionDate "2023.03.31"]
[SourceQuality "1"]

1. d4 Nf6 2. Nc3 g6 3. e4 d6 4. Bg5 Bg7 5. e5 Nfd7 6. e6 fxe6 7. Nf3 0-0 8. Qd2 Nc6 9. h4 Rxf3 10. gxf3 Nxd4 11. Be2 Ne5 12. Rh3 Bd7 13. 0-0-0 c5 14. h5 Be8 15. f4 Nec6 16. hxg6 Nxe2+ 17. Qxe2 Bxg6 18. Qxe6+ Bf7 19. Qe4 Bg6 20. f5 Qd7 21. fxg6 Qxh3 22. Rh1 Qd7 23. Rxh7 Rf8 24. Qh4 e6 25. Bh6 Bf6 26. Qh5 1-0

[Event "Cali Valle Colombia op-B"]
[Site "Cali Valle Colombia"]
[Date "2022.12.29"]
[Round "7"]
[White "Dabraccio, Guillermo"]
[Black "Seehagen, Jan"]
[Result "1/2-1/2"]
[WhiteElo "1562"]
[BlackElo "1768"]
[PlyCount "58"]
[EventDate "2022.12.26"]
[EventType "swiss"]
[EventRounds "8"]
[EventCountry "COL"]
[SourceTitle "CBM 211 Extra"]
[Source "ChessBase"]
[SourceDate "2023.01.31"]
[SourceVersion "1"]
[SourceVersionDate "2023.01.31"]
[SourceQuality "1"]

1. d4 g6 2. e4 d6 3. Nc3 c6 4. Bg5 Bg7 5. Bc4 Qc7 6. Qd2 h6 7. Bf4 Nf6 8. f3 Nbd7 9. Nge2 Nb6 10. Bb3 e5 11. Be3 Qe7 12. a4 exd4 13. Nxd4 d5 14. a5 Nc4 15. Bxc4 dxc4 16. Ra4 Qd8 17. 0-0 h5 18. Rfa1 0-0 19. Rxc4 Qe7 20. Qf2 Be6 21. Rca4 Rac8 22. Nxe6 Qxe6 23. Bxa7 Nd7 24. Nd1 c5 25. c3 Qa6 26. Bb6 Nxb6 27. axb6 Qxb6 28. Ne3 Qc6 29. Nd5 Rfe8 1/2-1/2

[Event "Palmira op-B"]
[Site "Palmira"]
[Date "2022.12.16"]
[Round "5"]
[White "Bolanos Lopez, Juan Jacobo"]
[Black "Dabraccio, Guillermo"]
[Result "0-1"]
[WhiteElo "1860"]
[BlackElo "1562"]
[PlyCount "79"]
[EventDate "2022.12.14"]
[EventType "swiss"]
[EventRounds "8"]
[EventCountry "COL"]
[SourceTitle "CBM 211 Extra"]
[Source "ChessBase"]
[SourceDate "2023.01.31"]
[SourceVersion "1"]
[SourceVersionDate "2023.01.31"]
[SourceQuality "1"]

1. e4 e6 2. d4 d5 3. Bd3 dxe4 4. Bxe4 Nf6 5. Bf3 Nbd7 6. Ne2 Be7 7. 0-0 0-0 8. Bf4 c5 9. Re1 Qb6 10. Nbc3 cxd4 11. Nxd4 Nc5 12. Ndb5 Rd8 13. Qe2 Ne8 14. b4 a6 15. Nd5 Rxd5 16. Bxd5 Na4 17. a3 axb5 18. Be4 Nf6 19. Bf3 Bd7 20. Rac1 Nc3 21. Qd3 Rxa3 22. Be5 Bxb4 23. Bxf6 Nd5 24. Qd4 Bc5 25. Qh4 Nxf6 26. Ra1 b4 27. Reb1 Qa6 28. Rxa3 Qxa3 29. Qc4 b6 30. h4 Qc3 31. Qa2 g6 32. Rd1 Kg7 33. h5 Qe5 34. hxg6 hxg6 35. Qa7 Bb5 36. Qb7 Qg3 37. Rd2 Be3 38. Qe7 Ng8 39. Qxb4 Bxd2 40. Qb2+ 0-1

[Event "Jamundi Valle Avanza op-B"]
[Site "Jamundi"]
[Date "2022.12.08"]
[Round "2"]
[White "Hurtado, Juan Felipe"]
[Black "Dabraccio, Guillermo"]
[Result "0-1"]
[WhiteElo "1600"]
[BlackElo "1562"]
[PlyCount "118"]
[EventDate "2022.12.08"]
[EventType "swiss"]
[EventRounds "7"]
[EventCountry "COL"]
[SourceTitle "EXT 2024"]
[Source "ChessBase"]
[SourceDate "2023.10.10"]
[SourceVersion "1"]
[SourceVersionDate "2023.10.10"]
[SourceQuality "1"]

1. d4 Nf6 2. c4 e6 3. Nc3 d5 4. Bg5 c6 5. Nf3 dxc4 6. e4 Be7 7. Bxc4 b5 8. Bb3 a6 9. 0-0 0-0 10. Rc1 Bb7 11. Qd2 Nbd7 12. Rfd1 Re8 13. Bc2 Nb6 14. b3 Rc8 15. Qf4 Nbd7 16. Qg3 Nf8 17. Ne2 Ng6 18. Qh3 Nd7 19. Bxe7 Qxe7 20. e5 Ndf8 21. Bb1 c5 22. Nd2 cxd4 23. Nxd4 Nxe5 24. Be4 Nfg6 25. f4 Bxe4 26. fxe5 Rxc1 27. Rxc1 Qb7 28. Ne2 Nxe5 29. Nxe4 Qxe4 30. Qc3 h6 31. Ng3 Qd5 32. Qe3 Rd8 33. Ne4 Ng4 34. Qf3 f5 35. Ng3 Qd4+ 36. Kh1 Nf2+ 37. Kg1 Nd3+ 38. Kf1 Nxc1 39. Qc6 Qf4+ 40. Qf3 Qxf3+ 41. gxf3 Rd2 42. Ke1 Rxh2 43. b4 Rh3 44. Kf2 Rxg3 45. Kxg3 Nxa2 46. Kf2 Nxb4 47. Ke3 Nd5+ 48. Kd4 b4 49. Kc4 h5 50. Kd4 h4 51. Ke5 Kf7 52. Kd4 h3 53. Kc5 b3 54. Kc4 b2 55. Kd4 b1Q 56. Ke5 Ke7 57. Kd4 Kd6 58. Kc4 Qb5+ 59. Kd4 e5# 0-1

[Event "COL-ch"]
[Site "Boyaca"]
[Date "2022.08.19"]
[Round "5"]
[White "Dabraccio, Guillermo"]
[Black "Perez, William"]
[Result "0-1"]
[WhiteElo "1567"]
[BlackElo "1973"]
[PlyCount "60"]
[EventDate "2022.08.17"]
[EventType "swiss"]
[EventRounds "9"]
[EventCountry "COL"]
[SourceTitle "CBM 210 Extra"]
[Source "ChessBase"]
[SourceDate "2022.11.30"]
[SourceVersion "1"]
[SourceVersionDate "2022.11.30"]
[SourceQuality "1"]

1. d4 Nf6 2. Nc3 d5 3. Bf4 e6 4. Nb5 Na6 5. a3 c6 6. Nc3 c5 7. e3 Qa5 8. Bb5+ Bd7 9. Bxd7+ Nxd7 10. Nge2 Be7 11. 0-0 cxd4 12. exd4 Rc8 13. Qd3 Nab8 14. Qg3 0-0 15. Bh6 Bf6 16. Rad1 Nc6 17. f4 Ne7 18. Bg5 Nf5 19. Qh3 Rc4 20. Bxf6 Nxf6 21. Rf3 Qb6 22. b3 Rc6 23. g4 Ne7 24. Qh4 Rfc8 25. f5 exf5 26. gxf5 Qd8 27. Rdd3 Qd7 28. Ng3 Ne8 29. Rde3 Kf8 30. Qxh7 Rh6 0-1

[Event "Pereira Gildardo Garcia Memorial-B"]
[Site "Pereira"]
[Date "2022.05.19"]
[Round "2"]
[White "Acosta, Jaime"]
[Black "Dabraccio, Guillermo"]
[Result "0-1"]
[WhiteElo "1426"]
[BlackElo "1559"]
[PlyCount "60"]
[EventDate "2022.05.18"]
[EventType "swiss"]
[EventRounds "9"]
[EventCountry "COL"]
[SourceTitle "CBM 208 Extra"]
[Source "ChessBase"]
[SourceDate "2022.07.31"]
[SourceVersion "1"]
[SourceVersionDate "2022.07.31"]
[SourceQuality "1"]

1. e4 e6 2. d4 d5 3. Nd2 Nf6 4. e5 Nfd7 5. Ngf3 c5 6. dxc5 Nc6 7. Bb5 Bxc5 8. Bxc6 bxc6 9. Nb3 Be7 10. 0-0 c5 11. c3 Bb7 12. Re1 0-0 13. Bf4 a5 14. Nbd2 Nb6 15. h3 Ba6 16. Be3 Rc8 17. b3 Bb5 18. a4 Bd3 19. Nb1 Bg6 20. Qd2 Nd7 21. Qd1 Rb8 22. Nbd2 f5 23. Bf4 Bh5 24. Qc2 g5 25. Bh2 g4 26. hxg4 fxg4 27. Nd4 cxd4 28. cxd4 Bh4 29. g3 Bg5 30. Nf1 Qb6 0-1

[Event "Montevideo Duchamp Cup 5th"]
[Site "Montevideo"]
[Date "2022.02.15"]
[Round "5"]
[White "Quevedo, Andreina"]
[Black "Dabraccio, Guillermo"]
[Result "1/2-1/2"]
[WhiteElo "1867"]
[BlackElo "1591"]
[PlyCount "39"]
[EventDate "2022.02.12"]
[EventType "swiss"]
[EventRounds "9"]
[EventCountry "URU"]
[SourceTitle "CBM 206 Extra"]
[Source "ChessBase"]
[SourceDate "2022.03.31"]
[SourceVersion "1"]
[SourceVersionDate "2022.03.31"]
[SourceQuality "1"]

1. e4 c5 2. Nf3 a6 3. d4 cxd4 4. Nxd4 Nf6 5. e5 Qa5+ 6. Nc3 Qxe5+ 7. Be2 Nc6 8. Nf3 Qc7 9. Bg5 e6 10. 0-0 Be7 11. a4 0-0 12. Re1 b6 13. Qd2 d5 14. Rad1 Bb7 15. Bf1 Rfd8 16. Bf4 Bd6 17. Bg5 Be7 18. Bf4 Bd6 19. Bg5 Be7 20. Bf4 1/2-1/2

[Event "Montevideo Duchamp Cup 5th"]
[Site "Montevideo"]
[Date "2022.02.12"]
[Round "1"]
[White "Dabraccio, Guillermo"]
[Black "Michailov, Matias"]
[Result "0-1"]
[WhiteElo "1591"]
[BlackElo "2248"]
[PlyCount "112"]
[EventDate "2022.02.12"]
[EventType "swiss"]
[EventRounds "9"]
[EventCountry "URU"]
[SourceTitle "CBM 206 Extra"]
[Source "ChessBase"]
[SourceDate "2022.03.31"]
[SourceVersion "1"]
[SourceVersionDate "2022.03.31"]
[SourceQuality "1"]

1. d4 Nf6 2. c4 g6 3. Nf3 Bg7 4. Nc3 0-0 5. e4 d6 6. Be2 e5 7. dxe5 dxe5 8. Bg5 c6 9. Qd2 Qxd2+ 10. Nxd2 Na6 11. 0-0 Nc5 12. Be3 Ne6 13. Nb3 Nf4 14. Bxf4 exf4 15. Rad1 Re8 16. f3 Nd7 17. Rd2 Ne5 18. Rfd1 Bf8 19. Rd8 Be6 20. Rxe8 Rxe8 21. Nd2 Rd8 22. b3 Bc5+ 23. Kf1 Kf8 24. Ndb1 Bd4 25. Rd2 Ke7 26. Nd1 a6 27. Na3 b5 28. Nc2 Bb6 29. Rxd8 Kxd8 30. cxb5 axb5 31. Nb2 g5 32. Nd3 Ng6 33. Nb2 Kc7 34. Ke1 h5 35. Bf1 Kd6 36. Kd2 Ne5 37. Nd3 Ba5+ 38. b4 Nc4+ 39. Kc3 Bb6 40. Nb2 Nxb2 41. Kxb2 Ke5 42. a3 Bd4+ 43. Kc1 Bc3 44. Be2 g4 45. Bd1 Kf6 46. g3 Kg5 47. Be2 Be5 48. fxg4 hxg4 49. Kd2 fxg3 50. hxg3 Bxg3 51. Nd4 Bd7 52. Bf1 Bd6 53. Bg2 Kf4 54. Nxc6 Bxc6 55. e5 Bxg2 56. exd6 Bc6 0-1